mysqli: Table './ulib62015/stat_globaluid' is marked as crashed and should be repaired
select id from stat_globaluid where statuid='20260517210736_2080'
mysqli: Table './ulib62015/stat_globaluid' is marked as crashed and should be repaired
DELETE FROM stat_globaluid
WHERE id NOT IN (
SELECT id
FROM (
SELECT id
FROM stat_globaluid
ORDER BY id DESC
LIMIT 100
) foo
);
mysqli: Table './ulib62015/stat_globaluid' is marked as crashed and should be repaired
insert into stat_globaluid set
statuid='20260517210736_2080',
dt='1779026856',
phpself='/ULIB62015/dublinfull.php',
agent='Mozilla/5.0 AppleWebKit/537.36 (KHTML, like Gecko; compatible; ClaudeBot/1.0; +claudebot@anthropic.com)',
yea='2026',
mon='5',
dat='17',
ip='216.73.216.45'
mysqli: Table './ulib62015/stathist_viewbib_bib_type' is marked as crashed and should be repaired
insert into stathist_viewbib_bib_type set
dat='17' ,
mon='05' ,
yea='2026' ,
statuid='20260517210736_2080' ,
head='13399107897' ,
foot='marc' ,
dt='1779026856'
| LEADER : 00000nam 2200000uu 4500 |
| 001 13399107897 |
| 003 ULIB |
| 008 110221s||||||||th 000 0 tha d |
| 050 4 Q180.55^bย546
|
| 100 0 เยาวรัตน์ ปรปักษ์ขาม
|
| 245 10 วิธีวิจัยสำรวจ /^cเยาวรัตน์ ปรปักษ์ขาม, สุนทรี สุวิปกิจและรวิวรรณ วัชรางค์กุล
|
| 260 กรุงเทพฯ :^bพิทักษ์การพิมพ์,^c2523
|
| 300 236 หน้า :^bภาพประกอบ, ตาราง, แผนภูมิ ;^c26 ซม
|
| 504 มีบรรณานุกรม
|
| 650 7 วิจัย
|
| 700 0 สุนทรี สุวิปกิจ
|
| 700 0 รวิวรรณ วัชรางค์กุล
|
| 945 ^p0^l0^i014330 |
| 999 ^aบรรณารักษ์
|
| คุณยังไม่ได้ล็อกอิน คุณสามารถมีกิจกรรมร่วมกับเว็บไซต์ได้ แต่ต้องล็อกอินก่อน :: |
|
|
|
| ลำดับที่ |
ประเภท |
เลขเรียก/บาร์โค้ด |
สถานที่ |
สถานะ |
| 1. |
 หนังสือ | Q180.55 ย546 Barcode: 014330 | หนังสือทั่วไป | บนชั้น ขอยืม |
รายการใกล้เคียง
หัวเรื่อง [วิจัย]
|
|
ยังไม่เคยถูกคอมเมนท์
|
| คอมเมนท์ทรัพยากรรายการนี้ |
|